| 000 | 00744 a2200241 4500 | ||
|---|---|---|---|
| 005 | 20250508131201.0 | ||
| 020 | _a0632001127 | ||
| 050 | 0 | 0 |
_aRC78 _bCHE 1978 |
| 100 | 1 | _aChesney, D. Noreen. | |
| 245 | 1 | 0 |
_aCare of the patient in diagnostic radiography / _cD. Noreen Chesney and Muriel O. Chesney. |
| 250 | _aFifth edition | ||
| 264 |
_aOxford : _bBlackwell, _cc.1978 |
||
| 300 |
_a323 pages _billustrations |
||
| 336 |
_2rdacontent _atext _btxt |
||
| 337 |
_2rdamedia _aunmediated _bn |
||
| 338 |
_2rdacarrier _avolume _bnc |
||
| 500 | _aIncludes index. | ||
| 650 | 0 | _aRadiography, Medical. | |
| 650 | 0 | _aNursing. | |
| 650 | 0 | _aRadiologic technologists. | |
| 700 | 1 |
_aChesney, Muriel O., _ejoint author. |
|
| 942 |
_2lcc _cBK _h78 _iCHE _kRC |
||
| 999 |
_c11530 _d11530 |
||